School Poems / (Record no. 3124)

MARC details
000 -LEADER
fixed length control field 00940nam a22002657a 4500
001 - CONTROL NUMBER
control field 3124
003 - CONTROL NUMBER IDENTIFIER
control field FISKH
005 - DATE AND TIME OF LATEST TRANSACTION
control field 20240207142318.0
008 - FIXED-LENGTH DATA ELEMENTS--GENERAL INFORMATION
fixed length control field 240207b cb ||||| |||| 00| 0 eng d
020 ## - INTERNATIONAL STANDARD BOOK NUMBER
International Standard Book Number 9780439959728
040 ## - CATALOGING SOURCE
Original cataloging agency FISKH
Language of cataloging eng
Transcribing agency FISKH
Modifying agency FISKH
050 ## - LIBRARY OF CONGRESS CALL NUMBER
Classification number PN6110.C4
082 ## - DEWEY DECIMAL CLASSIFICATION NUMBER
Classification number 821
100 ## - MAIN ENTRY--PERSONAL NAME
Personal name Curry, Jennifer
245 ## - TITLE STATEMENT
Title School Poems /
Statement of responsibility, etc. Compiled by Jennifer Curry ; Illustrated by Kate Sheppard
260 ## - PUBLICATION, DISTRIBUTION, ETC.
Place of publication, distribution, etc. London :
Name of publisher, distributor, etc. Scholastic,
Date of publication, distribution, etc. 1999.
300 ## - PHYSICAL DESCRIPTION
Extent 123 pages :
Other physical details illustrations ;
Dimensions 20 cm
505 ## - FORMATTED CONTENTS NOTE
Formatted contents note Q<br/><br/>
520 ## - SUMMARY, ETC.
Summary, etc. This is a collection of poems all associated with school. Hear the song of the starving dinner ladies! Discover the Head's hideout! Find out who Sue's kissing! And fly the class rocket!<br/>
521 8# - TARGET AUDIENCE NOTE
Target audience note 670<br/><br/>
Source Lexile estimate <br/><br/>
521 8# - TARGET AUDIENCE NOTE
Target audience note Q<br/>
Source Raz-Plus<br/>
650 ## - SUBJECT ADDED ENTRY--TOPICAL TERM
Topical term or geographic name entry element Back to school
Form subdivision Fiction
General subdivision Poetry
700 ## - ADDED ENTRY--PERSONAL NAME
Personal name Sheppard, Kate
Relator term Illustrator
942 ## - ADDED ENTRY ELEMENTS (KOHA)
Source of classification or shelving scheme Dewey Decimal Classification
Koha item type Books
Suppress in OPAC No
Holdings
Withdrawn status Lost status Source of classification or shelving scheme Damaged status Not for loan Collection Home library Current library Shelving location Date acquired Total Checkouts Full call number Barcode Date due Date last seen Date last checked out Price effective from Koha item type
    Dewey Decimal Classification     Juvenile Fiction Footprints International School Library Network Toul Kork Campus Footprints International School Library Network Toul Kork Campus TK Primary Library Room(4th Floor), Bookcase 5&6, Shelves 33-56, Orange Books 02/07/2024 1 CUR Fic PN6110.C4 FISTKG3B043 11/25/2025 11/11/2025 11/11/2025 02/07/2024 Books